The effect of using bunching and shrimp by production growth rate of avian broiler at the animal experimental station of royal university of agriculture, ឥទ្ធិពលនៃការប្រើប្រាស់កាកសំណល់ស្លឹកខ្តឹមស្រស់ និង​អនុផលបង្គាលើចំណីCP លើការលូតលាស់របស់មាន់សាច់ពូជAVIAN នៅក្នុងស្ថានីយពិសោធន៍សត្វ​នៃសាកលវិទ្យាល័យភូមិន្ទកសិកម្ម (Record no. 2466)

000 -LEADER
fixed length control field 00959nam a22001337a 4500
040 ## - CATALOGING SOURCE
Transcribing agency RUA
082 ## - DEWEY DECIMAL CLASSIFICATION NUMBER
Classification number AVM KEO 2010 B096 Or.1
100 ## - MAIN ENTRY--AUTHOR NAME
Personal name KEO, SOPISITH.
245 ## - TITLE STATEMENT
Title The effect of using bunching and shrimp by production growth rate of avian broiler at the animal experimental station of royal university of agriculture, ឥទ្ធិពលនៃការប្រើប្រាស់កាកសំណល់ស្លឹកខ្តឹមស្រស់ និង​អនុផលបង្គាលើចំណីCP លើការលូតលាស់របស់មាន់សាច់ពូជAVIAN នៅក្នុងស្ថានីយពិសោធន៍សត្វ​នៃសាកលវិទ្យាល័យភូមិន្ទកសិកម្ម
260 ## - PUBLICATION, DISTRIBUTION, ETC. (IMPRINT)
Place of publication Phnom Penh
Name of publisher RUA
Year of publication 2010
300 ## - PHYSICAL DESCRIPTION
Number of Pages x; 43p.
Other physical details ill.
Dimensions 29cm.
856 ## - ELECTRONIC LOCATION AND ACCESS
Uniform Resource Identifier https://drive.google.com/file/d/1e5Dd7DcP9Bn9UVGJ8q7DGnYD8E0f0G2w/view?usp=sharing
942 ## - ADDED ENTRY ELEMENTS (KOHA)
Koha item type AVM
952 ## - LOCATION AND ITEM INFORMATION (KOHA)
Withdrawn status [LOCAL, KOHA] 0
952 ## - LOCATION AND ITEM INFORMATION (KOHA)
Withdrawn status [LOCAL, KOHA] 0
952 ## - LOCATION AND ITEM INFORMATION (KOHA)
Withdrawn status [LOCAL, KOHA] 0
952 ## - LOCATION AND ITEM INFORMATION (KOHA)
Withdrawn status [LOCAL, KOHA] 0
952 ## - LOCATION AND ITEM INFORMATION (KOHA)
Withdrawn status [LOCAL, KOHA] 0
952 ## - LOCATION AND ITEM INFORMATION (KOHA)
Withdrawn status [LOCAL, KOHA] 0
952 ## - LOCATION AND ITEM INFORMATION (KOHA)
Withdrawn status [LOCAL, KOHA] 0
952 ## - LOCATION AND ITEM INFORMATION (KOHA)
Withdrawn status [LOCAL, KOHA] 0
952 ## - LOCATION AND ITEM INFORMATION (KOHA)
Withdrawn status [LOCAL, KOHA] 0
Holdings
Permanent Location Date acquired Koha item type Lost status Shelving location Barcode Current Location Full call number
Library Block B2015-10-21AVM B096RUA015646Library Block BAVM KEO 2010 B096 Or.1
Library Block B2015-10-21AVM B096RUA015427Library Block BAVM KEO 2010 B096 Or.2
Library Block B2015-10-21AVM B096RUA015355Library Block BAVM KEO 2010 B096 Or.3
Library Block B2015-10-21AVM B096RUA015501Library Block BAVM KEO 2010 B096 Or.4
Library Block B2015-10-21AVM B096RUA015860Library Block BAVM KEO 2010 B096 Or.5
Library Block B2015-10-21AVM B096RUA019150Library Block BAVM KEO 2010 B096 Or.6
Library Block B2015-10-21AVM B096RUA019029Library Block BAVM KEO 2010 B096 Or.7
Library Block B2015-10-28AVM B096RUA021087Library Block BAVM KEO 2010 B096 Or.8
Library Block B2019-05-28AVM B1.234A36982Library Block BAVM KEO 2010 B1.234 Or.1
មជ្ឈមណ្ឌលឯការនៃសាកលវិទ្យាល័យភូមិន្ទកសិកម្មចំការដូង

Powered by Koha